[Event "Moscow Smyslov-C"]
[Site "Moscow"]
[Date "2025.06.07"]
[Round "6"]
[White "Kazaryan, Karina"]
[Black "Shpigotskiy, Dmitriy"]
[Result "1-0"]
[WhiteElo "1723"]
[BlackElo "1673"]
[PlyCount "147"]
[EventDate "2025.06.02"]
[EventType "swiss"]
[EventRounds "8"]
[EventCountry "RUS"]
[SourceTitle "CB29_2025"]
[SourceDate "2025.07.16"]
[SourceVersion "1"]
[SourceVersionDate "2025.07.16"]
[SourceQuality "1"]

1. e4 e5 2. Nf3 Nc6 3. Bc4 Nf6 4. d3 h6 5. 0-0 g6 6. Re1 Bg7 7. d4 Qe7 8. Nc3 d6 9. h3 0-0 10. a3 exd4 11. Nxd4 Nxd4 12. Qxd4 Re8 13. Qd3 Be6 14. Bf4 Bxc4 15. Qxc4 Nh5 16. Bh2 c6 17. f3 Be5 18. Rad1 Bxh2+ 19. Kxh2 Qe5+ 20. Kg1 Qg3 21. Ne2 Qe5 22. Qb4 d5 23. exd5 cxd5 24. Qd4 Rad8 25. Qxe5 Rxe5 26. g4 Ng7 27. Nd4 Rde8 28. Rxe5 Rxe5 29. Kf2 Ne6 30. Nxe6 fxe6 31. Rd4 g5 32. Ra4 a6 33. Rb4 b5 34. a4 bxa4 35. Rxa4 Kf7 36. Rxa6 d4 37. b4 Rb5 38. Ra4 Kf6 39. Ke2 Ke7 40. Kd3 e5 41. Kc4 Rb8 42. Ra5 Kf6 43. b5 Rc8+ 44. Kb3 Rc3+ 45. Kb2 Ke6 46. Ra6+ Ke7 47. Ra3 Rc5 48. Rb3 Kd7 49. b6 Kc8 50. c3 Kb7 51. cxd4 exd4 52. Rb4 Rc6 53. Rxd4 Kxb6 54. Rd3 Kb5 55. Rb3+ Ka4 56. Rc3 Re6 57. Kc2 Re2+ 58. Kd3 Rh2 59. Ke4 Rxh3 60. Kf5 Kb4 61. Re3 Kc4 62. Kg6 Kd4 63. Ra3 Ke5 64. f4+ Kxf4 65. Rxh3 Kxg4 66. Rxh6 Kf4 67. Kh5 g4 68. Rf6+ Kg3 69. Rg6 Kh3 70. Rxg4 Kh2 71. Kh4 Kh1 72. Kg3 Kg1 73. Rf4 Kh1 74. Rf1# 1-0

[Event "Moscow Smyslov-C"]
[Site "Moscow"]
[Date "2025.06.06"]
[Round "5"]
[White "Petrenko, Nikita S"]
[Black "Kazaryan, Karina"]
[Result "1/2-1/2"]
[WhiteElo "1630"]
[BlackElo "1723"]
[PlyCount "118"]
[EventDate "2025.06.02"]
[EventType "swiss"]
[EventRounds "8"]
[EventCountry "RUS"]
[SourceTitle "CB29_2025"]
[SourceDate "2025.07.16"]
[SourceVersion "1"]
[SourceVersionDate "2025.07.16"]
[SourceQuality "1"]

1. e4 e5 2. Nf3 Nc6 3. Bb5 a6 4. Ba4 Nf6 5. 0-0 Be7 6. Re1 b5 7. Bb3 0-0 8. c3 d5 9. exd5 Nxd5 10. Nxe5 Nxe5 11. Rxe5 c6 12. Bxd5 cxd5 13. d4 Bd6 14. Re1 Qh4 15. g3 Qh3 16. Qf3 Bf5 17. Qg2 Qh5 18. f3 Rae8 19. Be3 Bh3 20. Qf2 Re6 21. Nd2 Rfe8 22. Nb3 g5 23. Bd2 R8e7 24. Nc5 Rf6 25. Rxe7 Bxe7 26. g4 Bxg4 27. fxg4 Rxf2 28. gxh5 Rxd2 29. Nxa6 Rxb2 30. Nc7 Bd6 31. Nxd5 Rxh2 32. Nf6+ Kh8 33. Ne4 Bf4 34. Nxg5 Kg7 35. Rf1 Rh4 36. Nf3 Rxh5 37. Kf2 Kf6 38. Re1 Bd6 39. Ke3 Ke6 40. Ke4 f5+ 41. Kd3+ Kd5 42. Rb1 Kc6 43. d5+ Kxd5 44. Rxb5+ Bc5 45. a4 Rh1 46. c4+ Kd6 47. a5 Ra1 48. Nd2 Ra3+ 49. Nb3 f4 50. Rxc5 Rxb3+ 51. Kd4 f3 52. Rf5 Ra3 53. Ke4 f2 54. Rxf2 Rxa5 55. Rf6+ Kc5 56. Rf5+ Kb4 57. Rxa5 Kxa5 58. c5 h5 59. c6 Kb6 1/2-1/2

[Event "Chigorin Memorial 31st"]
[Site "St Petersburg"]
[Date "2024.10.28"]
[Round "3"]
[White "Vasiltsova, Yaroslava"]
[Black "Kazaryan, Karina"]
[Result "1/2-1/2"]
[WhiteElo "1818"]
[BlackElo "1661"]
[PlyCount "67"]
[EventDate "2024.10.26"]
[EventType "swiss"]
[EventRounds "9"]
[EventCountry "RUS"]
[SourceTitle "CB45_2024"]
[Source "ChessBase"]
[SourceDate "2024.11.06"]
[SourceVersion "1"]
[SourceVersionDate "2024.11.06"]
[SourceQuality "1"]

1. e4 c5 2. Nf3 d6 3. d4 cxd4 4. Nxd4 Nf6 5. Nc3 a6 6. Qd3 Nbd7 7. Be2 e6 8. 0-0 b5 9. b4 Bb7 10. a4 bxa4 11. Rxa4 Be7 12. Qg3 0-0 13. Bh6 Ne8 14. Bd2 Bf6 15. Nb3 Bxc3 16. Qxc3 Nb6 17. Ra2 Bxe4 18. Bxa6 Nd5 19. Qb2 Qb6 20. b5 Nec7 21. c4 Nxa6 22. Rxa6 Rxa6 23. bxa6 Nc7 24. Ba5 Qa7 25. Bxc7 Qxc7 26. Nd2 Ba8 27. Ra1 Rb8 28. Qd4 Qc6 29. f3 e5 30. Qa7 Rb6 31. Qe7 Rb8 32. Qa7 Rb6 33. Qe7 Rb8 34. Qa7 1/2-1/2

[Event "Chigorin Memorial 31st"]
[Site "St Petersburg"]
[Date "2024.10.27"]
[Round "2"]
[White "Kazaryan, Karina"]
[Black "Romanov, Vasily"]
[Result "1/2-1/2"]
[WhiteElo "1661"]
[BlackElo "1859"]
[PlyCount "68"]
[EventDate "2024.10.26"]
[EventType "swiss"]
[EventRounds "9"]
[EventCountry "RUS"]
[SourceTitle "CB45_2024"]
[Source "ChessBase"]
[SourceDate "2024.11.06"]
[SourceVersion "1"]
[SourceVersionDate "2024.11.06"]
[SourceQuality "1"]

1. e4 e5 2. Nf3 Nc6 3. Bb5 a6 4. Ba4 Nf6 5. 0-0 Nxe4 6. d4 b5 7. Bb3 d5 8. dxe5 Be6 9. c3 Be7 10. Nbd2 Nc5 11. Bc2 d4 12. cxd4 Nxd4 13. Nxd4 Qxd4 14. Nf3 Qxd1 15. Rxd1 Rd8 16. Bf4 Rxd1+ 17. Bxd1 Nd3 18. Bc1 Bc5 19. Be3 Bxe3 20. fxe3 Nxb2 21. Bb3 Kd7 22. Rb1 Nc4 23. Kf2 c5 24. a4 Kc6 25. Rd1 Nb2 26. Rd6+ Kc7 27. Bxe6 fxe6 28. axb5 axb5 29. Ng5 c4 30. Nxe6+ Kb7 31. Nc5+ Kc7 32. Ne6+ Kb7 33. Nc5+ Kc7 34. Ne6+ Kb7 1/2-1/2

[Event "St Petersburg Korchnoi Memorial op"]
[Site "St Petersburg"]
[Date "2024.08.20"]
[Round "7"]
[White "Kazaryan, Karina"]
[Black "Emelyanov, Evgeny Alex"]
[Result "0-1"]
[WhiteElo "1715"]
[BlackElo "1915"]
[PlyCount "84"]
[EventDate "2024.08.17"]
[EventType "swiss"]
[EventRounds "9"]
[EventCountry "RUS"]
[SourceTitle "EXT 2025"]
[Source "ChessBase"]
[SourceDate "2024.10.14"]
[SourceVersion "1"]
[SourceVersionDate "2024.10.14"]
[SourceQuality "1"]

1. e4 d5 2. exd5 Qxd5 3. Nc3 Qd6 4. d4 Nf6 5. Nf3 c6 6. Ne5 Nbd7 7. f4 Nb6 8. g4 g6 9. Bg2 Bg7 10. 0-0 Be6 11. a4 a5 12. g5 Nfd7 13. Ne4 Qc7 14. Be3 Nc4 15. Nxc4 Bxc4 16. Re1 0-0 17. b3 Bd5 18. c4 Bxe4 19. Bxe4 c5 20. Bg2 Rfd8 21. Ra2 cxd4 22. Bxd4 Nf8 23. Rd2 Rxd4 24. Rxd4 Qb6 25. Rxe7 Qxd4+ 26. Qxd4 Bxd4+ 27. Kf1 Rb8 28. Bd5 Ne6 29. Bxe6 fxe6 30. Rxe6 Bc5 31. Ke2 Kf7 32. Re5 Re8 33. Rxe8 Kxe8 34. Kf3 Ke7 35. Kg4 Ke6 36. h3 b6 37. h4 Bd6 38. h5 gxh5+ 39. Kxh5 Kf5 40. Kh6 Bxf4 41. Kxh7 Bxg5 42. Kg7 Ke4 0-1

[Event "St Petersburg Korchnoi Memorial op"]
[Site "St Petersburg"]
[Date "2024.08.18"]
[Round "4"]
[White "Rudometova, Olga"]
[Black "Kazaryan, Karina"]
[Result "0-1"]
[WhiteElo "1588"]
[BlackElo "1715"]
[PlyCount "58"]
[EventDate "2024.08.17"]
[EventType "swiss"]
[EventRounds "9"]
[EventCountry "RUS"]
[SourceTitle "CBM 221 Extra"]
[Source "ChessBase"]
[SourceDate "2024.09.30"]
[SourceVersion "1"]
[SourceVersionDate "2024.09.30"]
[SourceQuality "1"]

1. d4 Nf6 2. Bf4 g6 3. Nf3 Bg7 4. e3 0-0 5. h3 d6 6. c3 Nc6 7. Be2 Nd7 8. 0-0 e5 9. Bh2 f5 10. dxe5 dxe5 11. Bb5 Qe7 12. Qa4 Kh8 13. Bxc6 bxc6 14. Qxc6 Rb8 15. Qxc7 Rxb2 16. Qxa7 Qe6 17. Qa3 Rb6 18. Nbd2 g5 19. Nxg5 Qg6 20. Ngf3 Rg8 21. g3 Qh5 22. Qa4 Bf6 23. Rfb1 Rd6 24. Qb5 Ba6 25. Qa4 Qxh3 26. c4 e4 27. Nd4 Ne5 28. Qd1 Ng4 29. Qe2 Qxh2+ 0-1